Zahraničnoobchodná výmena SR s EÚ

Zahraničný obchod SR s krajinami Európskej únie. Teritoriálna štruktúra. Pozitíva a negatíva vstupu SR do EÚ.

Salvato in:
Dettagli Bibliografici
Autore principale: Smreková, Marta
Altri autori: Štibraná, Soňa
Natura: Capitolo di libro
Lingua:slovacco
Soggetti:
Tags: Aggiungi Tag
Nessun Tag, puoi essere il primo ad aggiungerne!!

MARC

LEADER 00000naa$a2200000$$$4500
001 0007094
005 20231005083219.6
041 0 |a slo 
044 |a SK 
245 1 0 |a Zahraničnoobchodná výmena SR s EÚ  |c aut. Marta Smreková, Soňa Štibraná 
520 |a Zahraničný obchod SR s krajinami Európskej únie. Teritoriálna štruktúra. Pozitíva a negatíva vstupu SR do EÚ. 
610 2 0 |a obchod zahraničný 
610 2 0 |a Slovensko 
610 2 0 |a Európska únia 
610 2 0 |a bilancia obchodná 
610 2 0 |a trh 
610 2 0 |a konkurencia 
610 2 0 |a pohyb tovaru 
610 2 0 |a pohyb kapitálu 
100 1 |a Smreková, Marta 
700 1 |a Štibraná, Soňa